| 000 | 00581nam a22002057a 4500 | ||
|---|---|---|---|
| 005 | 20220428113536.0 | ||
| 008 | 220428b ||||| |||| 00| 0 eng d | ||
| 020 | _a9788190611008 | ||
| 040 | _cAL | ||
| 041 | _aEnglish | ||
| 082 |
_223 _a598.092 _bVIJS |
||
| 100 |
_aV S Vijayan _932615 |
||
| 245 | _aSalim Ali: A Unique Personality | ||
| 260 |
_aCoimbatore _bSalim Ali Foundation _c2007 |
||
| 300 |
_axxiv,350 p. _bHB _c21x14 cm. |
||
| 365 |
_b₹300.00 _c₹ _d₹300.00 |
||
| 650 |
_aOrnithologist-Biography _932616 |
||
| 700 |
_aVIJAYAN (V S) Ed _932617 |
||
| 942 |
_2ddc _cGF |
||
| 999 |
_c222695 _d222695 |
||